Представление документа в формате RUSMARC

ПолеНазваниеЗначение
  Тип записи i
  Библиографический уровень m
001 Контрольный номер IZD\1С\2007\4601546045171
005 Дата корректировки 20201206204923.2
010 Индекс ISBN __
a ISBN 978-5-9677-0720-9 (Digipack)
d Цена 384-75
100 Данные общей обработки __
a Данные общей обработки 19090922d2013||||||| 0rusy0189 ca
101 Язык документа 0_
a Язык текста rus
102 Страна публикации __
a Страна публикации RU|
105 Кодированные данные (монография) __
a Кодированные данные (монография) mu|||||||||zy
127 Кодированные данные (звукозаписи-физические характеристики) __
a Продолжительность проигрывания 10 ч 16 мин
200 Заглавие и сведения об ответственности 1_
a Заглавие Мертвые души
e Сведения, относящиеся к заглавию аудиоспектакль : [12+]
f Первые сведения об ответственности Н. В. Гоголь ; [автор инсценировки: Виктор Трухан, Игорь Жуков ; режиссер-постановщик Виктор Трухан ; композитор Шандор Каллош ; звукорежиссер Галина Засимова ; роли исполняют: Василий Бочкарев и др.]
b Общее обозначение материала Звукозапись
210 Выходные данные __
a Место издания Москва
c Издательство 1С-Паблишинг
d Дата издания 2013
215 Физическое описание __
a Объем 2 электрон. опт. диска (Audio CD)
c Иллюстрации/тип воспроизводства mp3, stereo
d Формат 19х14 см
225 Серия __
a Серия Аудиотеатр
230 Специфическая характеристика материала: электронные ресурсы __
a Обозначение и объем ресурса Электронные звуковые данные
300 Общие примечания __
a Общие примечания К 200-летию со дня рождения Н. В. Гоголя
323 Примечание о главных создателях, исполнителях, участниках __
a Примечание о главных создателях, исполнителях, участниках Бочкарев, В.
323 Примечание о главных создателях, исполнителях, участниках __
a Примечание о главных создателях, исполнителях, участниках Феклистов, А.
323 Примечание о главных создателях, исполнителях, участниках __
a Примечание о главных создателях, исполнителях, участниках Ильин, А.
323 Примечание о главных создателях, исполнителях, участниках __
a Примечание о главных создателях, исполнителях, участниках Андреева, З.
323 Примечание о главных создателях, исполнителях, участниках __
a Примечание о главных создателях, исполнителях, участниках Плотников, Б.
323 Примечание о главных создателях, исполнителях, участниках __
a Примечание о главных создателях, исполнителях, участниках Петрова, Г.
323 Примечание о главных создателях, исполнителях, участниках __
a Примечание о главных создателях, исполнителях, участниках Шатилова, Т.
323 Примечание о главных создателях, исполнителях, участниках __
a Примечание о главных создателях, исполнителях, участниках Леньков, А.
323 Примечание о главных создателях, исполнителях, участниках __
a Примечание о главных создателях, исполнителях, участниках Камерный ансамбль
323 Примечание о главных создателях, исполнителях, участниках __
a Примечание о главных создателях, исполнителях, участниках Назаров, Д.
330 Аннотация __
a Аннотация Богатый, сочный язык автора живет полной жизнью благодаря уникальной постановке режиссера Виктора Труханова. Издание включает в себя практически без сокращений текст первого, полностью сохранившегося, тома. В аудиоспектакле представлены все персонажи этого бессмертного творения, включая и его главное действующее лицо – Автора, в блестящем исполнении народного артиста РФ Василия Бочкарева. Прекрасные голоса и талантливая игра известных артистов живо и достоверно показывают нам обыденность, доведенную до абсурда, повседневность, переходящую в фантасмагорию. Музыка Шандора Калоша, написанная специально для спектакля, глубоко лиричная и одновременно ироничная, в исполнении слаженного ансамбля музыкантов поражает богатством, разнообразием и выразительностью тем.
333 Примечание о целевом назначении __
a Примечание о целевом назначении 12+. Для детей старше 12 лет
337 Примечание о системных требованиях (электронные ресурсы) __
a Примечание о системных требованиях (электронные ресурсы) Системные требования: MS Windows ; Pentium 100 ; RAM 16 Мб ; SVGA, 800x600 ; CD-ROM ; зв. карта ; колонки или наушники ; мышь ; аудиосистемы с поддержкой формата MP3: музыкальный центр ; CD/DVD-плеер и т.д.
606 Тематические рубрики __
a Основная рубрика Художественная литература
606 Тематические рубрики __
a Основная рубрика Русская литература XIX в. (произведения)
610 Ключевые слова __
a Ключевые слова аудиоспектакли
a Ключевые слова классика
a Ключевые слова классическая литература
a Ключевые слова радиопостановки
a Ключевые слова тема быта
a Ключевые слова тема общества
a Ключевые слова тема помещиков
a Ключевые слова тема русского человека
686 Индексы других классификаций __
2 Код системы rubbks
a Классификационный индекс 84(2=411.2)52-4я04
700 Автор _1
a Фамилия Гоголь
b Имя Н. В.
f Даты 1809-1852
g Полное личное имя Николай Васильевич
4 Код отношения 070
702 Вторичная интеллектуальная ответственность _1
a Фамилия Трухан
b Имя В.
4 Код отношения Сценарист
g Полное личное имя Василий
4 Код отношения 690
4 Код отношения 070
702 Вторичная интеллектуальная ответственность _1
a Фамилия Жуков
b Имя И.
4 Код отношения Сценарист
4 Код отношения 690
702 Вторичная интеллектуальная ответственность _1
a Фамилия Каллош
b Имя Ш.
4 Код отношения Композитор
g Полное личное имя Шандор
4 Код отношения 230
702 Вторичная интеллектуальная ответственность _1
a Фамилия Засимова
b Имя Г.
4 Код отношения Прочие
4 Код отношения 570
801 Источник записи _0
a Страна RU
b Организация Муниципальное бюджетное учреждение культуры "Централизованная библиотечная система" г. Сургут (Центральная городская библиотека им. А. С. Пушкина)
c Дата составления 20090922
g Правила каталогизации КиК/Котельникова
801 Источник записи _1
a Страна RU
b Организация Муниципальное бюджетное учреждение культуры "Централизованная библиотечная система" г. Сургут (Центральная городская библиотека им. А. С. Пушкина)
c Дата составления 20090922
g Правила каталогизации КиК/Котельникова
852 Данные о местонахождении __
j Шифр хранения 84(2=411.2)52-4я04
i Авторский знак Г 58
901 Тип документа __
t Тип документа 0
903 Характеристики (МАРС) __
a Дата передачи 20140805
969 Тип издания __
a Тип издания аудиоспектакль; издание для слепых
990 Данные о заказе (DOS) __
j Количество экземпляров (DOS) 1
t N записи в КСУ для И/У (DOS) 201408